[Event "Strategy Games 2005.09.10"]
[Site "Ottawa CAN"]
[Date "2005.09.10"]
[Round "2"]
[White "Pacey, Kevin"]
[Black "Yao, Sammy"]
[Result "1-0"]
[WhiteElo "2176"]
[BlackElo "1890"]
[PlyCount "73"]
[GameId "2160767910900241"]
[EventDate "2005.09.10"]
[EventType "swiss (rapid)"]
[EventRounds "5"]
[EventCountry "CAN"]

1. e4 c5 2. Nc3 Nc6 3. g3 g6 4. Bg2 Bg7 5. d3 d6 6. Nd5 Nf6 7. Nxf6+ exf6 8. Ne2 f5 9. O-O O-O 10. c3 fxe4 11. dxe4 Bg4 12. h3 Be6 13. Nf4 Bc4 14. Re1 Rb8 15. Nd5 Ne7 16. Bg5 f6 17. Bf4 Nxd5 18. exd5 g5 19. Bd2 Re8 20. b3 Ba6 21. Qg4 b5 22. Be4 Bc8 23. Qh5 Rxe4 24. Rxe4 Bf5 25. Re3 Qd7 26. Rae1 Bg6 27. Qg4 Bf5 28. Qe2 Bxh3 29. Re8+ Rxe8 30. Qxe8+ Qxe8 31. Rxe8+ Kf7 32. Ra8 Bd7 33. Rxa7 Ke7 34. a4 bxa4 35. bxa4 h5 36. a5 h4 37. a6 1-0

[Event "Strategy Games 2005.09.10"]
[Site "Ottawa CAN"]
[Date "2005.09.10"]
[Round "3"]
[White "Gelblum, Robert"]
[Black "Pacey, Kevin"]
[Result "0-1"]
[WhiteElo "1994"]
[BlackElo "2176"]
[PlyCount "95"]
[GameId "2160767910900242"]
[EventDate "2005.09.10"]
[EventType "swiss (rapid)"]
[EventRounds "5"]
[EventCountry "CAN"]

1. e4 e6 2. d4 d5 3. Nd2 Nf6 4. e5 Nfd7 5. f4 c5 6. c3 Nc6 7. Ndf3 Qa5 8. Kf2 b5 9. g3 b4 10. Bd2 cxd4 11. cxd4 Ba6 12. Nh3 Bxf1 13. Rxf1 Qb5 14. Kg2 Be7 15. Nf2 a5 16. Be3 a4 17. g4 g6 18. Qd3 Qxd3 19. Nxd3 O-O-O 20. Rac1 Kb7 21. f5 gxf5 22. gxf5 exf5 23. Nd2 Rhg8+ 24. Kh1 Bg5 25. Bxg5 Rxg5 26. Nf3 Rg4 27. h3 Re4 28. Ng5 Rxd4 29. Nxf7 Rxd3 30. Nxd8+ Nxd8 31. Rxf5 Rxh3+ 32. Kg2 Re3 33. Rh5 Nxe5 34. Rxh7+ Kb6 35. Rh6+ Ndc6 36. Rc2 d4 37. Rd2 d3 38. Rh3 Rxh3 39. Kxh3 Kc5 40. Kg2 Kd4 41. Kf2 Nc4 42. Rd1 Nxb2 43. Rc1 d2 44. Rxc6 d1=Q 45. Rd6+ Kc3 46. Rxd1 Nxd1+ 47. Ke2 Kc2 48. Kf3 0-1

[Event "Strategy Games 2005.09.10"]
[Site "Ottawa CAN"]
[Date "2005.09.10"]
[Round "4"]
[White "Pacey, Kevin"]
[Black "Saleh, Maher"]
[Result "1-0"]
[WhiteElo "2176"]
[BlackElo "2076"]
[PlyCount "58"]
[GameId "2160767910900243"]
[EventDate "2005.09.10"]
[EventType "swiss (rapid)"]
[EventRounds "5"]
[EventCountry "CAN"]

1. d4 Nf6 2. c4 g6 3. Nc3 d5 4. Nf3 Bg7 5. e3 O-O 6. Be2 c5 7. O-O cxd4 8. exd4 Nc6 9. cxd5 Nxd5 10. Bg5 h6 11. Be3 Bf5 12. Qb3 Nxc3 13. bxc3 Na5 14. Qb4 Rc8 15. Rac1 Qc7 16. c4 Rfd8 17. Rfd1 b6 18. d5 e6 19. c5 bxc5 20. Rxc5 Bf8 21. Rxc7 Bxb4 22. d6 Ra8 23. d7 Be4 24. Bb5 Kh7 25. Rxa7 Rxa7 26. Bxa7 Bc6 27. Bxc6 Nxc6 28. Bb6 Ra8 29. d8=Q Nxd8 1-0

[Event "Strategy Games 2005.09.10"]
[Site "Ottawa CAN"]
[Date "2005.09.10"]
[Round "5"]
[White "Desjardins, Michel"]
[Black "Pacey, Kevin"]
[Result "0-1"]
[WhiteElo "1682"]
[BlackElo "2176"]
[PlyCount "34"]
[GameId "2160767910900244"]
[EventDate "2005.09.10"]
[EventType "swiss (rapid)"]
[EventRounds "5"]
[EventCountry "CAN"]

1. e4 c6 2. d4 d5 3. e5 Bf5 4. Nc3 h5 5. Be3 e6 6. Bd3 Bxd3 7. Qxd3 Ne7 8. O-O-O Nd7 9. Kb1 b5 10. h3 Nb6 11. b3 a5 12. Nxb5 cxb5 13. Qxb5+ Nd7 14. c4 dxc4 15. Qxc4 Nd5 16. Ne2 a4 17. Nc3 Rc8 0-1

[Event "Strategy Games 2005.10.01"]
[Site "Ottawa CAN"]
[Date "2005.10.01"]
[Round "1"]
[White "Pacey, Kevin"]
[Black "Xiong, Sonja"]
[Result "1/2-1/2"]
[WhiteElo "2208"]
[BlackElo "1422"]
[PlyCount "79"]
[GameId "2160767910834602"]
[EventDate "2005.10.01"]
[EventType "swiss (rapid)"]
[EventRounds "5"]
[EventCountry "CAN"]

1. d4 d5 2. c4 dxc4 3. e3 Nf6 4. Bxc4 Bf5 5. Qb3 e6 6. Nc3 b6 7. Nf3 Bd6 8. h3 O-O 9. Nh4 Nbd7 10. Nxf5 exf5 11. Bd2 Qe7 12. Nd5 Nxd5 13. Bxd5 Rac8 14. O-O c6 15. Bf3 Qh4 16. Bb4 c5 17. dxc5 Nxc5 18. Bxc5 Rxc5 19. Rfd1 Bc7 20. Rac1 Rxc1 21. Rxc1 Be5 22. Rd1 f4 23. Qa4 Qf6 24. exf4 Qxf4 25. Qxf4 Bxf4 26. Rd7 Be5 27. b4 Rc8 28. g3 a5 29. bxa5 bxa5 30. Bd5 Rf8 31. Kg2 g6 32. f4 Bc3 33. Kf3 Kg7 34. Ke4 Kf6 35. g4 h6 36. Ra7 Bb4 37. Ra6+ Ke7 38. Ra7+ Kf6 39. Ra6+ Ke7 40. Ra7+ 1/2-1/2

[Event "Strategy Games 2005.10.01"]
[Site "Ottawa CAN"]
[Date "2005.10.01"]
[Round "2"]
[White "Xiong, Wei"]
[Black "Pacey, Kevin"]
[Result "0-1"]
[WhiteElo "1355"]
[BlackElo "2208"]
[PlyCount "80"]
[GameId "2160767910834603"]
[EventDate "2005.10.01"]
[EventType "swiss (rapid)"]
[EventRounds "5"]
[EventCountry "CAN"]

1. e4 e5 2. Nf3 Nc6 3. b3 Bc5 4. Bb2 Nf6 5. Bd3 d6 6. O-O O-O 7. Nc3 Bg4 8. h3 Bh5 9. Be2 Bxf3 10. Bxf3 Bd4 11. Rb1 Ne7 12. d3 Ng6 13. Ne2 Bxb2 14. Rxb2 Nh4 15. Ng3 d5 16. Re1 d4 17. Nf5 Nd7 18. Bg4 Nxf5 19. Bxf5 g6 20. Bg4 h5 21. Be2 Nc5 22. Qd2 Ne6 23. Rf1 Qg5 24. Qxg5 Nxg5 25. f4 exf4 26. Rxf4 Rae8 27. Rb1 f5 28. Rbf1 fxe4 29. h4 Nf3+ 30. Bxf3 Rxf4 31. Bxe4 Rxf1+ 32. Kxf1 Kg7 33. Bxb7 Re5 34. Be4 Rc5 35. a4 Rxc2 36. Bd5 c6 37. Bc4 a5 38. Ba6 Rb2 39. Bc4 Kf6 40. Bg8 Kf5 0-1

[Event "Strategy Games 2005.10.01"]
[Site "Ottawa CAN"]
[Date "2005.10.01"]
[Round "3"]
[White "Pacey, Kevin"]
[Black "Xiong, Jerry"]
[Result "0-1"]
[WhiteElo "2208"]
[BlackElo "1815"]
[PlyCount "71"]
[GameId "2160767910834604"]
[EventDate "2005.10.01"]
[EventType "swiss (rapid)"]
[EventRounds "5"]
[EventCountry "CAN"]

1. Nf3 c5 2. b3 d6 3. Bb2 Nc6 4. g3 Nf6 5. Bg2 Bf5 6. c4 Qd7 7. d3 Bh3 8. O-O h5 9. Bxf6 exf6 10. Re1 h4 11. Bh1 hxg3 12. fxg3 O-O-O 13. e3 Ne5 14. d4 cxd4 15. exd4 Nxf3+ 16. Qxf3 Bg4 17. Qf2 Be7 18. Nc3 f5 19. Nd5 Bg5 20. Rab1 Rh6 21. b4 Rdh8 22. Rb2 Re6 23. b5 Rxe1+ 24. Qxe1 Re8 25. Qf2 Kb8 26. Bg2 f6 27. a4 Bh5 28. a5 Bf7 29. a6 Bxd5 30. Re2 Rxe2 31. Qxe2 Bxg2 32. Qxg2 Be3+ 33. Kf1 Bxd4 34. Qd5 Bb6 35. Qg8+ Bd8 36. Qd5 0-1

[Event "Strategy Games 2005.10.01"]
[Site "Ottawa CAN"]
[Date "2005.10.01"]
[Round "4"]
[White "Pacey, Kevin"]
[Black "Gelblum, Robert"]
[Result "1-0"]
[WhiteElo "2208"]
[BlackElo "1949"]
[PlyCount "121"]
[GameId "2160767910834605"]
[EventDate "2005.10.01"]
[EventType "swiss (rapid)"]
[EventRounds "5"]
[EventCountry "CAN"]

1. e3 e5 2. d4 exd4 3. exd4 d5 4. Nf3 Bd6 5. c4 c6 6. Nc3 Ne7 7. Bg5 f6 8. Bh4 Bg4 9. c5 Bc7 10. Be2 b6 11. cxb6 axb6 12. Bg3 O-O 13. Bxc7 Qxc7 14. O-O Nd7 15. Re1 Qd6 16. a3 Rfe8 17. Qd2 Ng6 18. Nh4 Bxe2 19. Nxg6 Bh5 20. Nf4 Bf7 21. g3 Nf8 22. Rxe8 Rxe8 23. Re1 Qd8 24. Rxe8 Qxe8 25. Na4 Nd7 26. Qe3 Qe4 27. Nc3 Qxe3 28. fxe3 b5 29. Nd3 Nb6 30. b3 Be8 31. Na2 Kf7 32. Nc5 Ke7 33. Kf2 Bg6 34. Nb4 Kd6 35. Nba6 Bc2 36. Nb7+ Ke7 37. Nac5 Bd1 38. Ke1 Bc2 39. Kd2 Bf5 40. Kc3 Bc8 41. Kb4 Bxb7 42. Nxb7 Kd7 43. Ka5 Kc7 44. Nc5 Nc8 45. Ne6+ Kb7 46. Nxg7 Nd6 47. Kb4 Ne4 48. a4 bxa4 49. bxa4 Ng5 50. Ne8 Nf3 51. Nxf6 Nxh2 52. Nxh7 Ng4 53. Kc5 Nxe3 54. Nf6 Ka6 55. Kxc6 Ka5 56. Nxd5 Nf5 57. Kc5 Nxg3 58. Nc3 Nf5 59. d5 Ne7 60. d6 Nc8 61. d7 1-0

[Event "Strategy Games 2005.10.01"]
[Site "Ottawa CAN"]
[Date "2005.10.01"]
[Round "5"]
[White "Bertrand, Daryl"]
[Black "Pacey, Kevin"]
[Result "1-0"]
[WhiteElo "1834"]
[BlackElo "2208"]
[PlyCount "65"]
[GameId "2160767910834606"]
[EventDate "2005.10.01"]
[EventType "swiss (rapid)"]
[EventRounds "5"]
[EventCountry "CAN"]

1. e4 e6 2. d3 b6 3. Qe2 Bb7 4. Nf3 c5 5. c3 Nf6 6. Qc2 Nc6 7. Be2 d5 8. O-O Be7 9. Rd1 O-O 10. h3 d4 11. Bf4 Bd6 12. e5 Nd5 13. Bg3 Be7 14. Nbd2 Bg5 15. Nxg5 Qxg5 16. Ne4 Qe7 17. a3 dxc3 18. bxc3 Na5 19. c4 Nc7 20. Bf4 Bxe4 21. dxe4 Nc6 22. Rd3 Na6 23. Qa4 Nab8 24. Rg3 Nd4 25. Bd3 Kh8 26. Qd1 Nbc6 27. Qh5 f6 28. exf6 gxf6 29. e5 Nxe5 30. Bxe5 fxe5 31. Bxh7 Ne2+ 32. Qxe2 Rf7 33. Be4 1-0

[Event "Tournoi de la St-Jean A"]
[Site "Quebec CAN"]
[Date "2005.06.24"]
[Round "1.1"]
[White "Masse, Hugues"]
[Black "Vallieres, Mario"]
[Result "1-0"]
[WhiteElo "2255"]
[BlackElo "2038"]
[PlyCount "85"]
[GameId "2160767910967841"]
[EventDate "2005.06.24"]
[EventType "swiss"]
[EventRounds "5"]
[EventCountry "CAN"]

1. d4 f5 2. g3 Nf6 3. Bg2 e6 4. Nf3 Be7 5. O-O O-O 6. c4 d6 7. Nc3 a5 8. Re1 Ne4 9. Qd3 Nc6 10. a3 Nxc3 11. bxc3 Bf6 12. e4 Re8 13. exf5 exf5 14. Rxe8+ Qxe8 15. Bg5 Qg6 16. Bxf6 Qxf6 17. Re1 Bd7 18. d5 Ne5 19. Nxe5 dxe5 20. c5 Re8 21. Rb1 Bc8 22. Qb5 Rf8 23. Qxa5 f4 24. Qb4 fxg3 25. fxg3 Qf2+ 26. Kh1 Bf5 27. Rf1 Qe2 28. h3 e4 29. g4 e3 30. gxf5 Qd2 31. Qd4 Re8 32. Qxd2 exd2 33. Bf3 Re1 34. Kg2 Rc1 35. Rd1 Rxc3 36. Rxd2 Rxc5 37. Rb2 b6 38. Rb3 Kf7 39. Kg3 Ke7 40. Kf4 Kd6 41. Be4 Rc1 42. Rg3 Rf1+ 43. Bf3 1-0

[Event "Tournoi de la St-Jean A"]
[Site "Quebec CAN"]
[Date "2005.06.24"]
[Round "1.2"]
[White "Gagnon, Fabien"]
[Black "Caire, Francois"]
[Result "1/2-1/2"]
[WhiteElo "2028"]
[BlackElo "2200"]
[PlyCount "78"]
[GameId "2160767910967842"]
[EventDate "2005.06.24"]
[EventType "swiss"]
[EventRounds "5"]
[EventCountry "CAN"]

1. d4 Nf6 2. Nf3 b6 3. g3 e6 4. Bg2 Bb7 5. O-O Be7 6. c4 O-O 7. Nc3 d5 8. cxd5 exd5 9. Ne5 Na6 10. b3 Re8 11. Bb2 c5 12. e3 Nc7 13. Qc2 cxd4 14. exd4 Ne6 15. Ne2 Rc8 16. Qf5 Ba6 17. Rfe1 Bb4 18. Nf4 Nxf4 19. gxf4 Bxe1 20. Rxe1 Rc7 21. Re3 Qc8 22. Qb1 Rc2 23. Bh3 Qc7 24. Bf5 Ne4 25. f3 f6 26. fxe4 fxe5 27. exd5 e4 28. d6 Qxd6 29. Qxc2 Qxf4 30. Qf2 Qxf2+ 31. Kxf2 Rf8 32. Rxe4 Rxf5+ 33. Ke3 Bb7 34. Rf4 Rxf4 35. Kxf4 Kf7 36. Ke5 Ke7 37. Ba3+ Kd7 38. Bf8 g6 39. d5 Ba6 1/2-1/2

[Event "Tournoi de la St-Jean A"]
[Site "Quebec CAN"]
[Date "2005.06.24"]
[Round "1.3"]
[White "Berube, Antoine"]
[Black "Pepin, Christian"]
[Result "0-1"]
[WhiteElo "2169"]
[BlackElo "2048"]
[PlyCount "86"]
[GameId "2160767910967843"]
[EventDate "2005.06.24"]
[EventType "swiss"]
[EventRounds "5"]
[EventCountry "CAN"]

1. d4 f5 2. c4 Nf6 3. Nc3 e6 4. Nf3 c6 5. Bf4 d5 6. e3 Be7 7. Bd3 O-O 8. O-O Ne4 9. h3 Bd7 10. Ne5 Be8 11. f3 Nd6 12. Qe2 g5 13. Bh2 dxc4 14. Nxc4 Nxc4 15. Bxc4 Bf7 16. Rad1 Nd7 17. f4 Nb6 18. Bb3 Nd5 19. e4 Nxf4 20. Bxf4 gxf4 21. Rxf4 Qc7 22. Rf3 e5 23. Bxf7+ Rxf7 24. Rxf5 Raf8 25. Rxf7 Rxf7 26. Qg4+ Kf8 27. dxe5 Qxe5 28. Qc8+ Kg7 29. Qg4+ Kh8 30. Qc8+ Rf8 31. Qd7 Bc5+ 32. Kh1 Bd6 33. Qxd6 Rf1+ 34. Rxf1 Qxd6 35. Rd1 Qe6 36. Re1 Qe5 37. Re2 b5 38. Nb1 a5 39. Nc3 b4 40. Nd1 c5 41. b3 a4 42. Nb2 Qd4 43. e5 a3 0-1

[Event "Tournoi de la St-Jean A"]
[Site "Quebec CAN"]
[Date "2005.06.24"]
[Round "1.4"]
[White "Sauve, Richard"]
[Black "Tremblay, Rejean"]
[Result "0-1"]
[WhiteElo "1962"]
[BlackElo "2183"]
[PlyCount "158"]
[GameId "2160767910967844"]
[EventDate "2005.06.24"]
[EventType "swiss"]
[EventRounds "5"]
[EventCountry "CAN"]

1. d4 Nf6 2. c4 g6 3. Nc3 Bg7 4. e4 d6 5. f3 O-O 6. Be3 b6 7. Bd3 a6 8. Nge2 c5 9. O-O Nc6 10. Rc1 Ng4 11. fxg4 cxd4 12. Nxd4 Bxd4 13. Bxd4 Nxd4 14. Be2 e5 15. Nd5 f6 16. Rc3 Be6 17. Qd2 Ra7 18. Ra3 b5 19. cxb5 Bxd5 20. exd5 Qb6 21. Kh1 axb5 22. Rxa7 Qxa7 23. a3 Qc5 24. Bf3 Rc8 25. Be4 Kg7 26. Qf2 Rf8 27. Qe3 Rc8 28. Qf2 f5 29. gxf5 Nxf5 30. Kg1 Qxf2+ 31. Kxf2 Rc4 32. Bd3 Rc5 33. Be4 Ne7 34. Rd1 Nc8 35. Ke2 Nb6 36. Rd2 Kf6 37. g3 Ke7 38. Kf3 b4 39. axb4 Rb5 40. Rc2 Rxb4 41. Rc7+ Nd7 42. h4 Rb3+ 43. Kg4 Kd8 44. Rc4 Nf6+ 45. Kg5 Nxe4+ 46. Rxe4 Rxg3+ 47. Kh6 Ke7 48. Kxh7 Kf6 49. Rb4 Rd3 50. Rg4 Rxd5 51. Rxg6+ Kf5 52. Kg7 e4 53. h5 e3 54. Rf6+ Ke4 55. Re6+ Re5 56. Rxe5+ dxe5 57. h6 e2 58. h7 e1=Q 59. h8=Q Qg1+ 60. Kf7 Qf2+ 61. Ke6 Qb6+ 62. Kd7 Qxb2 63. Qh4+ Kd5 64. Qh1+ e4 65. Qh5+ Kc4 66. Qf7+ Kd3 67. Qf1+ Qe2 68. Qb1+ Ke3 69. Qb6+ Kf3 70. Qf6+ Kg2 71. Qg5+ Kf1 72. Qc1+ Kf2 73. Qf4+ Qf3 74. Qd2+ Kg3 75. Qe1+ Kh3 76. Ke6 e3 77. Qc1 e2 78. Qh6+ Kg2 79. Qg5+ Kf1 0-1

[Event "Tournoi de la St-Jean A"]
[Site "Quebec CAN"]
[Date "2005.06.24"]
[Round "1.5"]
[White "Larochelle, Martial"]
[Black "Desjardins, Michel"]
[Result "1-0"]
[WhiteElo "2132"]
[BlackElo "1923"]
[PlyCount "83"]
[GameId "2160767910967845"]
[EventDate "2005.06.24"]
[EventType "swiss"]
[EventRounds "5"]
[EventCountry "CAN"]

1. c4 e5 2. g3 Nc6 3. Bg2 g6 4. Nc3 Bg7 5. e4 d6 6. Nge2 Nge7 7. O-O O-O 8. d3 Be6 9. Nd5 Qd7 10. Be3 h6 11. Bxh6 f5 12. Bxg7 Kxg7 13. Qd2 Nd8 14. b3 c6 15. Nxe7 Qxe7 16. d4 Nf7 17. dxe5 dxe5 18. Qc3 Kg8 19. f4 Qc5+ 20. Kh1 Rad8 21. Rad1 a5 22. fxe5 Nxe5 23. Rxd8 Rxd8 24. Nf4 Bc8 25. Nd5 Qd6 26. c5 Qe6 27. Qxa5 Rf8 28. exf5 gxf5 29. Nf4 Qd7 30. Qc3 Ng4 31. Ng6 Qh7 32. Nh4 Qh6 33. Qc1 Qf6 34. Qf4 Be6 35. Re1 Bd5 36. Bxd5+ cxd5 37. h3 Nh6 38. Nf3 Nf7 39. h4 Qc3 40. Qxf5 Ne5 41. Qg5+ Kh8 42. Qxe5+ 1-0

[Event "Tournoi de la St-Jean A"]
[Site "Quebec CAN"]
[Date "2005.06.24"]
[Round "1.6"]
[White "Plante, Hendrick"]
[Black "Drolet, Stephane"]
[Result "1-0"]
[WhiteElo "1920"]
[BlackElo "2131"]
[PlyCount "83"]
[GameId "2160767910967846"]
[EventDate "2005.06.24"]
[EventType "swiss"]
[EventRounds "5"]
[EventCountry "CAN"]

1. d4 d5 2. c4 dxc4 3. e3 e6 4. Bxc4 Nf6 5. Nf3 a6 6. a4 c5 7. O-O Qc7 8. Qe2 Nc6 9. Nc3 Bd6 10. dxc5 Bxc5 11. Rd1 O-O 12. h3 Bd7 13. e4 Ne5 14. Nxe5 Qxe5 15. Kh1 Bc6 16. f4 Qc7 17. e5 Nd7 18. Ne4 Be7 19. Nd6 Nb6 20. Bd3 g6 21. f5 exf5 22. Nxf5 Rad8 23. Nh6+ Kh8 24. Bf4 Qc8 25. Ng4 Rfe8 26. Qf2 Nd5 27. Bh6 Qe6 28. Bc4 b5 29. axb5 axb5 30. Bb3 Rd7 31. Rf1 Bd8 32. Ra6 Rc7 33. Qd4 Rd7 34. Rxc6 Qxc6 35. e6+ Nf6 36. exd7 Re4 37. Qc3 Qxc3 38. bxc3 Nxg4 39. hxg4 Rxg4 40. Be3 f6 41. Bd4 Kg7 42. Bxf6+ 1-0

[Event "Tournoi de la St-Jean A"]
[Site "Quebec CAN"]
[Date "2005.06.24"]
[Round "1.7"]
[White "Audet-Bouchard, Nicolas"]
[Black "Lemieux, Pierre"]
[Result "1-0"]
[WhiteElo "2136"]
[BlackElo "1947"]
[PlyCount "93"]
[GameId "2160767910967847"]
[EventDate "2005.06.24"]
[EventType "swiss"]
[EventRounds "5"]
[EventCountry "CAN"]

1. e4 e6 2. d4 d5 3. Nc3 Nf6 4. Bg5 Be7 5. e5 Nfd7 6. Bxe7 Qxe7 7. Qg4 f5 8. exf6 Nxf6 9. Qg3 a6 10. Nf3 Nc6 11. O-O-O O-O 12. Bd3 Nb4 13. Qh4 Nxd3+ 14. Rxd3 Re8 15. Re1 c5 16. dxc5 Qxc5 17. Ne5 Bd7 18. Rg3 Qe7 19. Nxd7 Nxd7 20. Qxe7 Rxe7 21. Nxd5 Rf7 22. Rxe6 Rxf2 23. Re7 Rf7 24. Rxf7 Kxf7 25. Rf3+ Kg6 26. Ne7+ Kg5 27. Rf7 Rf8 28. Rxg7+ Kh6 29. Nf5+ Rxf5 30. Rxd7 Rf1+ 31. Rd1 Rf2 32. Rg1 Kg5 33. b4 Kf4 34. Kb2 h5 35. a4 Ke3 36. g4 Rxh2 37. g5 Kf2 38. Rd1 Ke2 39. Rd7 b5 40. a5 Rg2 41. Rd6 h4 42. Rxa6 h3 43. Rh6 h2 44. a6 Kd1 45. a7 Rxc2+ 46. Kb3 Rd2 47. a8=Q 1-0

[Event "Tournoi de la St-Jean A"]
[Site "Quebec CAN"]
[Date "2005.06.24"]
[Round "1.8"]
[White "Forget, David"]
[Black "Libersan, Thierry"]
[Result "0-1"]
[WhiteElo "1834"]
[BlackElo "2052"]
[PlyCount "88"]
[GameId "2160767910967848"]
[EventDate "2005.06.24"]
[EventType "swiss"]
[EventRounds "5"]
[EventCountry "CAN"]

1. d4 Nf6 2. c4 g6 3. Nc3 Bg7 4. e4 d6 5. Nf3 O-O 6. Be2 e5 7. O-O Nc6 8. d5 Ne7 9. Bg5 h6 10. Bxf6 Bxf6 11. b4 Bg7 12. c5 f5 13. Rc1 a6 14. c6 bxc6 15. dxc6 Be6 16. b5 axb5 17. Bxb5 fxe4 18. Nd2 d5 19. Nb3 Kh7 20. Nc5 Bc8 21. Rc2 Qd6 22. N3a4 Bf5 23. Nb7 Qf6 24. Nac5 Qg5 25. Rc3 Rxa2 26. Nd7 Rfa8 27. Rg3 Qd2 28. Qxd2 Rxd2 29. Nbc5 d4 30. Na6 Nxc6 31. Bxc6 Rxa6 32. Bxe4 Bxe4 33. Nc5 Raa2 34. Nxe4 Rdc2 35. Rb3 Re2 36. Nc5 Bf8 37. Rb7 Bd6 38. Ne6 Rac2 39. Rb8 d3 40. Rd8 d2 41. Ng7 Rc1 42. g3 Rxf1+ 43. Kxf1 d1=Q+ 44. Kg2 Rxf2+ 0-1

[Event "Tournoi de la St-Jean A"]
[Site "Quebec CAN"]
[Date "2005.06.24"]
[Round "1.9"]
[White "Arsenault, Nicolas"]
[Black "Caron, Sebastien"]
[Result "1/2-1/2"]
[WhiteElo "2069"]
[BlackElo "1847"]
[PlyCount "52"]
[GameId "2160767910967849"]
[EventDate "2005.06.24"]
[EventType "swiss"]
[EventRounds "5"]
[EventCountry "CAN"]

1. e4 c5 2. Nf3 d6 3. d4 cxd4 4. Nxd4 Nf6 5. Nc3 a6 6. Be3 e6 7. f3 Be7 8. Qd2 Nc6 9. O-O-O Qc7 10. Kb1 Nxd4 11. Bxd4 e5 12. Be3 Be6 13. Nd5 Nxd5 14. exd5 Bf5 15. g4 Bg6 16. Bd3 Bxd3 17. Qxd3 Rc8 18. f4 exf4 19. Bxf4 O-O 20. Rhf1 Rfe8 21. Rf3 g6 22. Bg3 Bf8 23. Rdf1 Re7 24. Bh4 Rd7 25. Bf6 Qc4 26. Qxc4 Rxc4 1/2-1/2

[Event "Tournoi de la St-Jean A"]
[Site "Quebec CAN"]
[Date "2005.06.24"]
[Round "1.10"]
[White "Benoit, Sebastien"]
[Black "Groleau, Gilles"]
[Result "0-1"]
[WhiteElo "1904"]
[BlackElo "2059"]
[PlyCount "62"]
[GameId "2160767910967850"]
[EventDate "2005.06.24"]
[EventType "swiss"]
[EventRounds "5"]
[EventCountry "CAN"]

1. e4 c5 2. Nf3 e6 3. d4 cxd4 4. Nxd4 Nf6 5. Bd3 Nc6 6. Nb3 Be7 7. O-O O-O 8. Nc3 d6 9. Kh1 a6 10. f4 Qc7 11. Qe1 b5 12. Qg3 Kh8 13. e5 dxe5 14. fxe5 Nd5 15. Nxd5 exd5 16. Bf4 Be6 17. a3 Rac8 18. Nd2 Qd7 19. Bg5 Bxg5 20. Qxg5 Qe7 21. Qg3 Na5 22. Rf4 Nc4 23. Rh4 g6 24. Nf3 Kg7 25. Ng5 Rh8 26. Rh6 Kxh6 27. Qh4+ Kg7 28. Rf1 Nxe5 29. Re1 f6 30. Qd4 Bf7 31. Nf3 Nxf3 0-1

[Event "Tournoi de la St-Jean A"]
[Site "Quebec CAN"]
[Date "2005.06.25"]
[Round "2"]
[White "Chevalier, Francois"]
[Black "Gagnon, Fabien"]
[Result "0-1"]
[WhiteElo "1674"]
[BlackElo "2028"]
[PlyCount "42"]
[GameId "2160767910967851"]
[EventDate "2005.06.24"]
[EventType "swiss"]
[EventRounds "5"]
[EventCountry "CAN"]

1. e4 c5 2. c3 e6 3. d4 d5 4. e5 Nc6 5. Nf3 Bd7 6. Bd3 Qc7 7. O-O f6 8. exf6 Nxf6 9. Re1 Bd6 10. Nbd2 O-O 11. a3 Rae8 12. Nf1 e5 13. dxe5 Nxe5 14. Nxe5 Bxe5 15. Bg5 d4 16. cxd4 Bxd4 17. Qc2 Ng4 18. Bxh7+ Kh8 19. Rxe8 Bxe8 20. Be3 Bxe3 21. fxe3 Rxf1+ 0-1

[Event "Tournoi de la St-Jean A"]
[Site "Quebec CAN"]
[Date "2005.06.25"]
[Round "2.1"]
[White "Libersan, Thierry"]
[Black "Masse, Hugues"]
[Result "0-1"]
[WhiteElo "2052"]
[BlackElo "2255"]
[PlyCount "208"]
[GameId "2160767910967852"]
[EventDate "2005.06.24"]
[EventType "swiss"]
[EventRounds "5"]
[EventCountry "CAN"]

1. e4 e5 2. Nf3 Nc6 3. Bb5 a6 4. Ba4 Nf6 5. O-O b5 6. Bb3 Bb7 7. d3 Be7 8. Nc3 O-O 9. a3 d6 10. Ne2 d5 11. exd5 Nxd5 12. Ng3 Re8 13. Re1 Bf8 14. Ng5 f6 15. Nxh7 Kxh7 16. Qh5+ Kg8 17. Re4 Nd4 18. Rg4 Qd7 19. Ba2 Qf7 20. Rg6 f5 21. Qg5 Re6 22. Rxe6 Nxe6 23. Qxf5 Qxf5 24. Nxf5 Kh7 25. Bd2 Nd4 26. Nxd4 exd4 27. Re1 Nf6 28. Bf7 Bd6 29. c3 Rf8 30. Be6 c5 31. b4 Re8 32. Bf5+ g6 33. Rxe8 Nxe8 34. Be4 Bc8 35. g3 Nf6 36. f3 Kg7 37. Kf2 Kf7 38. cxd4 cxd4 39. Bg5 Ne8 40. h4 Nc7 41. Bc1 Be5 42. Bg5 Ne6 43. Bc1 Bf6 44. f4 Ng7 45. Bd5+ Kf8 46. Be4 Nf5 47. Kf3 Kg7 48. Kf2 Nh6 49. Kg2 Ng4 50. Kf3 Bd8 51. Bb2 Bb6 52. Bc1 Nh2+ 53. Kg2 Ng4 54. Kf3 Ne3 55. Kf2 Kf6 56. Ke1 Nf5 57. Kf2 Ne3 58. Ke1 Bf5 59. Ke2 Bg4+ 60. Kf2 Bc8 61. Ke1 Ng4 62. Ke2 Bd7 63. Bb2 Bc8 64. Bc1 Ne3 65. Ke1 Kg7 66. Ke2 Ng4 67. Bb2 Nf6 68. Bc6 Kf7 69. Kf2 Ke6 70. Bf3 Kf5 71. Ke2 Ne8 72. Be4+ Kf6 73. Kf2 Nd6 74. Bc6 Kf5 75. Ke2 Ke6 76. Bf3 Kf7 77. Bc6 Bg4+ 78. Kf2 Bf5 79. Ke2 Bg4+ 80. Kf2 Bc8 81. Bf3 Kf6 82. Kg2 Bb7 83. Bxb7 Nxb7 84. Kf3 Nd6 85. g4 Ke6 86. Ba1 Bd8 87. Kg3 Bf6 88. Bb2 Bg7 89. Kf3 Bf6 90. Kg3 Ne8 91. Ba1 Nc7 92. Bb2 Nd5 93. Bc1 Nc3 94. Bd2 Bg7 95. Kf3 Bf6 96. Kg3 Nd1 97. Bc1 Be7 98. h5 gxh5 99. gxh5 Kf5 100. Kf3 Bf8 101. Bd2 Nb2 102. Ke2 Bh6 103. Bc1 Na4 104. Kf3 Nc3 0-1

[Event "Tournoi de la St-Jean A"]
[Site "Quebec CAN"]
[Date "2005.06.25"]
[Round "2.2"]
[White "Tremblay, Rejean"]
[Black "Groleau, Gilles"]
[Result "1/2-1/2"]
[WhiteElo "2183"]
[BlackElo "2059"]
[PlyCount "33"]
[GameId "2160767910967853"]
[EventDate "2005.06.24"]
[EventType "swiss"]
[EventRounds "5"]
[EventCountry "CAN"]

1. d4 Nf6 2. c4 e6 3. Nc3 Bb4 4. e3 b6 5. Nge2 Ba6 6. a3 Be7 7. Nf4 O-O 8. Bd3 c5 9. O-O Nc6 10. dxc5 bxc5 11. b3 Rb8 12. Rb1 Ne5 13. Be2 Qc7 14. Qc2 Rfd8 15. Rd1 Rb6 16. Na4 Rbb8 17. Nc3 1/2-1/2

[Event "Tournoi de la St-Jean A"]
[Site "Quebec CAN"]
[Date "2005.06.25"]
[Round "2.3"]
[White "Pepin, Christian"]
[Black "Larochelle, Martial"]
[Result "0-1"]
[WhiteElo "2048"]
[BlackElo "2132"]
[PlyCount "90"]
[GameId "2160767910967854"]
[EventDate "2005.06.24"]
[EventType "swiss"]
[EventRounds "5"]
[EventCountry "CAN"]

1. e4 c5 2. Nf3 d6 3. c3 Nf6 4. Qc2 Qc7 5. d4 cxd4 6. Nxd4 a6 7. h3 e6 8. Bd3 Be7 9. O-O Nbd7 10. Bg5 Nc5 11. Nd2 Nxd3 12. Qxd3 O-O 13. Qc4 Qd8 14. Rad1 Nxe4 15. Bxe7 Nxd2 16. Bxd8 Nxc4 17. Bc7 Nxb2 18. Rc1 Nc4 19. Nb3 Bd7 20. Na5 Nxa5 21. Bxa5 d5 22. Rfd1 Bb5 23. Rd4 Bc4 24. a4 Rfc8 25. Rb1 b5 26. axb5 Bxb5 27. f3 Bc4 28. Rd2 Rab8 29. Rdb2 Rxb2 30. Rxb2 Bb5 31. Kf2 f6 32. Ke3 Kf7 33. g4 e5 34. h4 Rc4 35. Bb4 g6 36. Ba5 Ke6 37. Kd2 h5 38. Rb4 Rxb4 39. Bxb4 f5 40. gxh5 gxh5 41. Ba5 f4 42. Bc7 Kf5 43. Ke1 e4 44. Kf2 Bc4 45. Ba5 Bb3 0-1

[Event "Tournoi de la St-Jean A"]
[Site "Quebec CAN"]
[Date "2005.06.25"]
[Round "2.5"]
[White "Caire, Francois"]
[Black "Arsenault, Nicolas"]
[Result "1-0"]
[WhiteElo "2200"]
[BlackElo "2069"]
[PlyCount "53"]
[GameId "2160767910967855"]
[EventDate "2005.06.24"]
[EventType "swiss"]
[EventRounds "5"]
[EventCountry "CAN"]

1. d4 Nf6 2. c4 g6 3. Nc3 Bg7 4. e4 d6 5. f4 O-O 6. Nf3 c5 7. dxc5 Qa5 8. Bd3 Qxc5 9. Qe2 Nc6 10. Be3 Qa5 11. O-O Bg4 12. h3 Bxf3 13. Qxf3 Nd7 14. Rac1 Bxc3 15. Rxc3 Qxa2 16. Qf2 Qa5 17. Bb1 Rfc8 18. g4 a6 19. e5 dxe5 20. f5 Rf8 21. c5 Nf6 22. Bh6 Nd4 23. Qe3 Nc6 24. Qg5 e4 25. fxg6 hxg6 26. Rxf6 exf6 27. Qxf6 1-0